A szülési szabadságról munkába visszatérő nők stresszhelyzetei

Bibliographic Details
Main Author: Molnár Enikő
Other Authors: Csillag Dr. Sára
Format: Thesis
Kulcsszavak:édesanyák
nők
munkahelyi stressz
Online Access:http://dolgozattar.uni-bge.hu/19685

MARC

LEADER 00000nta a2200000 i 4500
001 dolg19685
005 20181217084035.0
008 181217suuuu hu om 000 hun d
040 |a BGE Dolgozattár Repozitórium  |b hun 
041 |a hu 
100 1 |a Molnár Enikő 
245 1 2 |a A szülési szabadságról munkába visszatérő nők stresszhelyzetei  |c Molnár Enikő  |h [elektronikus dokumentum] 
695 |a édesanyák 
695 |a nők 
695 |a munkahelyi stressz 
700 1 |a Csillag Dr. Sára  |e ths 
856 4 0 |u http://dolgozattar.uni-bge.hu/19685/1/SZD_Moln%C3%A1r%20Enik%C5%91_V%C3%89GLEGES_dolgozatt%C3%A1r.pdf  |z Dokumentum-elérés